Normal view
MARC view
Entry Geographic Name
001 - CONTROL NUMBER
- control field: 52527
003 - CONTROL NUMBER IDENTIFIER
- control field: ARRUPE
005 - DATE AND TIME OF LATEST TRANSACTION
- control field: 20240306110959.0
008 - FIXED-LENGTH DATA ELEMENTS
- fixed length control field: 240306|| aca||aabn | a|a d
040 ## - CATALOGING SOURCE
- Original cataloging agency: ARRUPE
- Transcribing agency: ARRUPE
151 ## - HEADING--GEOGRAPHIC NAME
- Geographic name: Zambezi River Region
- General subdivision: Ethnic relations
670 ## - SOURCE DATA FOUND
- Source citation: Work cat.: (ARRUPE)131826: Davison, Jean, 1937- 52521, Gender, lineage, and ethnicity in southern Africa /, 1997.